| 000 -LEADER |
| fixed length control field |
01443nam a22003737a 4500 |
| 005 - DATE AND TIME OF LATEST TRANSACTION |
| control field |
20260416135336.0 |
| 008 - FIXED-LENGTH DATA ELEMENTS--GENERAL INFORMATION |
| fixed length control field |
260415b xxu||||| |||| 00| 0 eng d |
| 024 ## - OTHER STANDARD IDENTIFIER |
| Source of number or code |
upc |
| 040 ## - CATALOGING SOURCE |
| Transcribing agency |
Cagayan State University |
| 082 ## - DEWEY DECIMAL CLASSIFICATION NUMBER |
| Classification number |
791.4372 |
| Item number |
C66 2025 |
| 245 ## - TITLE STATEMENT |
| Title |
The Confession / |
| Statement of responsibility, etc |
directed by Will Canon ; Rosanna Eden-Ellis, producer ; Dan Marocco, composer ; written by Will Canon. |
| 260 ## - PUBLICATION, DISTRIBUTION, ETC. (IMPRINT) |
| Place of publication, distribution, etc |
United States : |
| Name of publisher, distributor, etc |
Quiver Distribution, |
| Date of publication, distribution, etc |
2025. |
| 300 ## - PHYSICAL DESCRIPTION |
| Extent |
1 videofile (87 minutes) : |
| Other physical details |
sound, color. |
| 500 ## - GENERAL NOTE |
| General note |
Originally released as a motion picture in 2025. |
| 520 ## - SUMMARY, ETC. |
| Summary, etc |
A musician returns to her childhood home and finds her late fathers recorded murder confession. As her son's behavior grows, she fights to end a rising darkness. |
| 546 ## - LANGUAGE NOTE |
| Language note |
English |
| 650 ## - SUBJECT ADDED ENTRY--TOPICAL TERM |
| Source of heading or term |
Horror Films. |
| Topical term or geographic name as entry element |
Mother and sons |
| Form subdivision |
Drama |
| 655 ## - INDEX TERM--GENRE/FORM |
| Source of term |
lcgft |
| Genre/form data or focus term |
Feature Films |
| 700 ## - ADDED ENTRY--PERSONAL NAME |
| Personal name |
Ricci, Italia, cast. |
| 700 ## - ADDED ENTRY--PERSONAL NAME |
| Personal name |
Walczak, Kyle, editor. |
| 700 ## - ADDED ENTRY--PERSONAL NAME |
| Personal name |
Rutland, John W., cinematographer. |
| 700 ## - ADDED ENTRY--PERSONAL NAME |
| Personal name |
Graham, Gregory, cast. |
| 700 ## - ADDED ENTRY--PERSONAL NAME |
| Personal name |
Eisenson, Vince, cast. |
| 700 ## - ADDED ENTRY--PERSONAL NAME |
| Personal name |
Rudeseal, Troy, cast. |
| 700 ## - ADDED ENTRY--PERSONAL NAME |
| Personal name |
Fallica, Ron, cast. |
| 700 ## - ADDED ENTRY--PERSONAL NAME |
| Personal name |
Rosemore, Terence, cast. |
| 700 ## - ADDED ENTRY--PERSONAL NAME |
| Personal name |
McCulloch, Allie, cast. |
| 700 ## - ADDED ENTRY--PERSONAL NAME |
| Personal name |
Smith, Justin Matthew, cast. |
| 700 ## - ADDED ENTRY--PERSONAL NAME |
| Personal name |
Johnson, Jay DeVon, cast. |
| 700 ## - ADDED ENTRY--PERSONAL NAME |
| Personal name |
Kolkebeck, Craig, cast. |
| 700 ## - ADDED ENTRY--PERSONAL NAME |
| Personal name |
Mechlowicz, Scott, cast. |
| 700 ## - ADDED ENTRY--PERSONAL NAME |
| Personal name |
Golinger, Zachary, cast. |
| 942 ## - ADDED ENTRY ELEMENTS (KOHA) |
| Source of classification or shelving scheme |
|
| Item type |
Audio-Visual Materials |